The feynman lectures on physics vol-3 / (Record no. 30208)

000 -LEADER
fixed length control field 00522 a2200157 4500
020 ## - INTERNATIONAL STANDARD BOOK NUMBER
International Standard Book Number 8131721663
020 ## - INTERNATIONAL STANDARD BOOK NUMBER
International Standard Book Number 9788131721667
082 ## - DEWEY DECIMAL CLASSIFICATION NUMBER
Classification number 530
090 ## - LOCALLY ASSIGNED LC-TYPE CALL NUMBER (OCLC); LOCAL CALL NUMBER (RLIN)
-- 1599
-- 1599
100 1# - MAIN ENTRY--PERSONAL NAME
Personal name Feynman, Richard P.
245 14 - TITLE STATEMENT
Title The feynman lectures on physics vol-3 /
Statement of responsibility, etc. Richard P. Feynman.
260 ## - PUBLICATION, DISTRIBUTION, ETC.
Place of publication, distribution, etc. New Delhi
Name of publisher, distributor, etc. Pearson Education,
Date of publication, distribution, etc. 2009.
300 ## - PHYSICAL DESCRIPTION
Extent 1 v. (unpaged)
942 ## - ADDED ENTRY ELEMENTS (KOHA)
Institution code [OBSOLETE] SNS
Koha item type Book
Call number prefix 530. FEY
Holdings
Withdrawn status Lost status Damaged status Not for loan Permanent Location Current Location Date acquired Total Checkouts Total Renewals Full call number Barcode Date last seen Date last checked out Price effective from Koha item type Source of classification or shelving scheme Shelving location Shelving control number
        School of Natural Sciences (SNS) School of Natural Sciences (SNS) 05/26/2016 4 5 530. FEY SNS0001742 06/04/2024 02/01/2022 05/26/2016 Book      
      Not For Loan School of Natural Sciences (SNS) School of Natural Sciences (SNS) 06/15/2022     530 FEY 2009 SNS0001915 06/15/2022   06/15/2022 Book   Reference Book Cart
        School of Natural Sciences (SNS) School of Natural Sciences (SNS) 06/15/2022 2   530 FEY 2009 SNS0001916 12/16/2025 06/03/2025 06/15/2022 Book   Text Books Book Cart
© 2023 Central Library, National University of Sciences and Technology. All Rights Reserved.